Loading...
| Fine Arts - Classical Music | 0 | 9 | 0 | 1 | 90 | 76 | 95.44 | 0 | 0 | 0.00 | 0.00 |
| Painting/Sculpture | 0 | 8 | 1 | 1 | 75 | 39 | 76.88 | 1 | 4 | 0.00 | 0.00 |
| Science - Biology | 0 | 6 | 0 | 2 | 60 | 30 | 73.67 | 1 | 2 | 0.00 | 0.00 |
| Literature - American | 0 | 6 | 0 | 0 | 60 | 15 | 80.83 | 1 | 3 | 0.00 | 0.00 |
| Literature - World | 0 | 4 | 0 | 0 | 40 | 44 | 79.00 | 0 | 1 | 0.00 | 0.00 |
| Literature - European | 0 | 4 | 0 | 1 | 40 | 48 | 88.25 | 0 | 1 | 0.00 | 0.00 |
| Mythology | 0 | 4 | 1 | 0 | 35 | 49 | 67.75 | 0 | 1 | 0.00 | 0.00 |
| Science - Physics | 0 | 4 | 1 | 2 | 35 | 59 | 89.25 | 0 | 0 | 0.00 | 0.00 |
| History - World | 0 | 3 | 0 | 1 | 30 | 48 | 89.67 | 0 | 0 | 0.00 | 0.00 |
| History - Other | 0 | 3 | 0 | 2 | 30 | 105 | 110.67 | 0 | 0 | 0.00 | 0.00 |
| Fine Arts - Other | 0 | 3 | 0 | 2 | 30 | 71 | 94.33 | 0 | 1 | 0.00 | 0.00 |
| Religion | 0 | 3 | 0 | 0 | 30 | 72 | 89.33 | 0 | 0 | 0.00 | 0.00 |
| History - American | 0 | 3 | 1 | 0 | 25 | 59 | 67.67 | 0 | 0 | 0.00 | 0.00 |
| Current Events | 0 | 2 | 0 | 1 | 20 | 53 | 81.00 | 0 | 0 | 0.00 | 0.00 |
| History - European | 0 | 2 | 0 | 1 | 20 | 35 | 72.50 | 0 | 1 | 0.00 | 0.00 |
| Science - Chemistry | 0 | 2 | 0 | 1 | 20 | 67 | 83.00 | 0 | 0 | 0.00 | 0.00 |
| Science - Other | 0 | 2 | 0 | 1 | 20 | 53 | 71.50 | 0 | 1 | 0.00 | 0.00 |
| Literature - British | 0 | 2 | 1 | 1 | 15 | 89 | 102.00 | 0 | 0 | 0.00 | 0.00 |
| Geography | 0 | 1 | 0 | 1 | 10 | 114 | 114.00 | 0 | 0 | 0.00 | 0.00 |
| Social Science | 0 | 1 | 0 | 0 | 10 | 53 | 53.00 | 0 | 1 | 0.00 | 0.00 |
| Philosophy | 0 | 1 | 1 | 0 | 5 | 90 | 90.00 | 0 | 0 | 0.00 | 0.00 |